| 000 | 00681nam a2200193 i 4500 | ||
|---|---|---|---|
| 001 | 28147 | ||
| 003 | ES-MaACL | ||
| 005 | 20231129145828.0 | ||
| 007 | t| | ||
| 008 | 030116s1982 sp |||| | spa d | ||
| 100 | 1 |
_aBalcells, José María, _d1943- _924862 |
|
| 245 | 1 | 0 |
_aJardines abandonados de Juan Ramón / _cJosé María Balcells. |
| 260 |
_aSantander : _b[s.n.], _c1982. |
||
| 300 |
_a19 h. ; _c24 cm. |
||
| 500 | _aSeparata de: Boletín de la Biblioteca de Menéndez Pelayo, año LVIII, en.-dic. 1982, p. 287-324. | ||
| 600 | 1 | 4 |
_aJiménez, Juan Ramón, _d1881-1958- _xCrítica e interpretación _966422 |
| 852 |
_aES-MaACL _j2119-F-26 |
||
| 999 |
_c28147 _d28147 |
||